Concordancias de las obras poéticas en castellano de Garcilaso de la Vega / (Record no. 139191)

MARC details
000 -LEADER
campo de control de longitud fija 00691nam a2200205 i 4500
001 - NÚMERO DE CONTROL
campo de control 139191
003 - IDENTIFICADOR DE NÚMERO DE CONTROL
campo de control ES-MaACL
005 - FECHA Y HORA DE LA ÚLTIMA TRANSACCIÓN
campo de control 20250928093946.0
007 - CAMPO FIJO DE DESCRIPCIÓN FÍSICA--INFORMACIÓN GENERAL
campo de control de longitud fija t|
008 - DATOS DE LONGITUD FIJA--INFORMACIÓN GENERAL
campo de control de longitud fija 070214s1970 sp r ||||1| spa d
100 1# - ENTRADA PRINCIPAL--NOMBRE DE PERSONA
Nombre de persona Sarmiento, Edward.
9 (RLIN) 103826
245 10 - MENCIÓN DEL TÍTULO
Título Concordancias de las obras poéticas en castellano de Garcilaso de la Vega /
Mención de responsabilidad, etc. recopiladas por Edward Sarmiento ; edición de Elias L. Rivers.
260 ## - PUBLICACIÓN, DISTRIBUCIÓN, ETC.
Lugar de publicación, distribución, etc. Madrid :
Nombre del editor, distribuidor, etc. Castalia,
Fecha de publicación, distribución, etc. 1970.
300 ## - DESCRIPCIÓN FÍSICA
Extensión 581 p. ;
Dimensiones 25 cm.
600 04 - PUNTO DE ACCESO ADICIONAL DE MATERIA--NOMBRE DE PERSONA
Nombre de persona Garcilaso de la Vega,
Fechas asociadas al nombre 1501-1536
9 (RLIN) 55471
700 1# - ENTRADA AGREGADA--NOMBRE PERSONAL
Nombre de persona Rivers, Elias L.
9 (RLIN) 97715
852 ## - LOCALIZACIÓN
Ubicación ES-MaACL
Número de control de estantería C-37697
Sublocalización o colección R.73628
852 ## - LOCALIZACIÓN
Ubicación ES-MaACL
Número de control de estantería C-41768
Sublocalización o colección R.74281
Holdings
Estatus retirado Estado de pérdida Estado de daño No para préstamo Biblioteca de origen Biblioteca actual Ubicación en estantería Fecha de adquisición Fuente de adquisición Total de préstamos Signatura topográfica completa Código de barras Visto por última vez Precio de reemplazo Tipo de ítem Koha
        Biblioteca del Ateneo de Madrid Biblioteca del Ateneo de Madrid Depósito 2 17/01/2008     C-41768 1144846 23/02/2023 23/02/2023 Libro impreso
        Biblioteca del Ateneo de Madrid Biblioteca del Ateneo de Madrid Depósito 2 17/01/2008     C-37697 1144845 23/02/2023 23/02/2023 Libro impreso